000 00392nam a2200145 4500
001 119512
003 ES-MaACL
007 t|
008 070214s1917 fr r ||||1| fre d
100 1 _aPiganiol, André.
_991990
245 1 0 _aEssai sur les origines de Rome /
_cAndré Piganiol.
260 _aParis :
_bLe Puy-en-Velay,
_c1917.
300 _a341 p. ;
_c26 cm.
852 _aES-MaACL
_jB-5121
999 _c119512
_d119512